|
|
|
|
| LEADER |
00944nam a22002417a 4500 |
| 001 |
36677 |
| 003 |
BD-DhAAL |
| 005 |
20191125134014.0 |
| 008 |
191125t2008 bg a|||| b||| 00| 0 eng d |
| 999 |
|
|
|c 41903
|d 41903
|
| 040 |
|
|
|a BD-DhAAL
|
| 082 |
|
|
|a 370
|
| 100 |
|
|
|a Roy, Arijit
|9 37661
|
| 245 |
|
|
|a Education for improving lives :
|b alternative ideas /
|c Arijit Roy, A.N.S. Habibur Rahman
|
| 260 |
|
|
|a Dhaka :
|b Bangladesh Nari Progati Sangha (BNPS),
|c 2008
|
| 300 |
|
|
|a 159 pages :
|b illustrations ;
|c 22 cm
|
| 526 |
|
|
|a ESS
|
| 541 |
|
|
|a Complimentary copy from Professor Dr. Nasreen Khundker
|e 36677
|
| 650 |
|
|
|a Education.
|9 37662
|
| 700 |
|
|
|a Rahman, A.N.S. Habibur
|9 37663
|
| 852 |
|
|
|a Ayesha Abed Library
|c General Stacks
|
| 942 |
|
|
|2 ddc
|c BK
|
| 952 |
|
|
|0 0
|1 0
|2 ddc
|4 0
|6 370_000000000000000_ROY
|7 0
|9 67287
|a BRACUL
|b BRACUL
|c GEN
|d 2019-11-25
|e Complimentary copy from Professor Dr. Nasreen Khundker
|l 0
|o 370 ROY
|p 3010036677
|r 2019-11-25
|t 1
|w 2019-11-25
|y BK
|